Bryan´s dictionary of painters and engravers (Record no. 5693)

MARC details
000 -CABECERA
campo de control de longitud fija 01066nam a2200301 a 4500
001 - NÚMERO DE CONTROL
campo de control BRCA_6004
005 - FECHA Y HORA DE LA ÚLTIMA TRANSACCIÓN
campo de control 20190320205309.0
008 - DATOS DE LONGITUD FIJA--INFORMACIÓN GENERAL
campo de control de longitud fija 310311m19031905enka######---#000-0#eng-#
041 ## - CÓDIGO DE LENGUA
Código de lengua del texto/banda sonora o título independiente eng
044 ## - CÓDIGO DEL PAÍS DE LA ENTIDAD EDITORA/PRODUCTORA
Código MARC del país enk
050 #4 - SIGNATURA TOPOGRÁFICA DE LA BIBLIOTECA DEL CONGRESO
Número de clasificación ND35
Número de documento/Ítem .B79 1903
100 1# - ENTRADA PRINCIPAL--NOMBRE DE PERSONA
Nombre de persona Bryan, Michael
Fechas asociadas al nombre 1757-1821.
9 (RLIN) 15162
245 10 - MENCIÓN DE TÍTULO
Título Bryan´s dictionary of painters and engravers
Mención de responsabilidad, etc. revised and enlarged under the supervision of George C. Williamson.
250 ## - MENCIÓN DE EDICIÓN
Mención de edición 4
260 ## - PUBLICACIÓN, DISTRIBUCIÓN, ETC.
Lugar de publicación, distribución, etc. Londres
Nombre del editor, distribuidor, etc. G. Bell
Fecha de publicación, distribución, etc. 1903-1905
300 ## - DESCRIPCIÓN FÍSICA
Extensión 5 v.
Otras características físicas il., 492 láminas
Dimensiones 27 cm.
500 ## - NOTA GENERAL
Nota general Edición con cantos dorados
500 ## - NOTA GENERAL
Nota general Diccionario inventariado por Banco de México como libro
500 ## - NOTA GENERAL
Nota general G114
505 0# - NOTA DE CONTENIDO CON FORMATO
Nota de contenido con formato Contenido: v.1. A-C, 1903. -- v.2. D-G, 1903. -- v.3. H-M, 1904. -- v.4. N-R, 1904. -- v.5. S-Z, 1905
650 14 - PUNTO DE ACCESO ADICIONAL DE MATERIA--TÉRMINO DE MATERIA
Término de materia o nombre geográfico como elemento de entrada Pintores
Subdivisión de forma Diccionarios
9 (RLIN) 15163
650 14 - PUNTO DE ACCESO ADICIONAL DE MATERIA--TÉRMINO DE MATERIA
Término de materia o nombre geográfico como elemento de entrada Grabadores
Subdivisión de forma Diccionarios
9 (RLIN) 15164
650 14 - PUNTO DE ACCESO ADICIONAL DE MATERIA--TÉRMINO DE MATERIA
Término de materia o nombre geográfico como elemento de entrada Pintores
Subdivisión de forma Biografías
9 (RLIN) 15165
650 14 - PUNTO DE ACCESO ADICIONAL DE MATERIA--TÉRMINO DE MATERIA
Término de materia o nombre geográfico como elemento de entrada Grabadores
Subdivisión de forma Biografías
9 (RLIN) 15166
700 1# - PUNTO DE ACCESO ADICIONAL--NOMBRE DE PERSONA
Nombre de persona Williamson, George Charles
Fechas asociadas al nombre 1858-1942
9 (RLIN) 15167
902 ## - CATALOGADOR
Iniciales GFM
942 ## - ELEMENTOS DE PUNTO DE ACCESO ADICIONAL (KOHA)
Fuente del sistema de clasificación o colocación Library of Congress Classification
Tipo de ítem Koha Libros
Holdings
Estado de retiro Estado de pérdida Estado dañado No para préstamo Localización permanente Ubicación/localización actual Fecha de adquisición Número de inventario Total de préstamos Signatura topográfica completa Código de barras Fecha visto por última vez Precio válido a partir de Tipo de ítem Koha
El ejemplar forma parte de la colección y puede ser consultado según las políticas vigentes.       Biblioteca del Museo Franz Mayer (Rogerio Casas-Alatriste) Biblioteca del Museo Franz Mayer (Rogerio Casas-Alatriste) 31/03/2011 G114   ND35 .B79 1903 (G114) 6443 22/03/2019 22/03/2019 Libros